Представление документа в формате RUSMARC

ПолеНазваниеЗначение
  Тип записи a
  Библиографический уровень m
001 Контрольный номер 9f209bdaa6c1439d8769d3c059d5b610
005 Дата корректировки 20140619104003.4
010 Индекс ISBN __
a ISBN 978-5-9916-3276-8
101 Язык документа 0_
a Язык текста rus
102 Страна публикации __
a Страна публикации RU
200 Заглавие и сведения об ответственности 1_
a Заглавие Ценообразование
e Сведения, относящиеся к заглавию учебник и практикум
b Общее обозначение материала Текст
f Первые сведения об ответственности под ред. Г.А.Маховиковой
g Последующие сведения об ответственности С. - Петерб. гос. экон. ун- т
205 Сведения об издании __
a Основные сведения об издании 6-е изд., перераб. и доп.
210 Выходные данные 1_
c Издательство Юрайт
a Место издания Москва
d Дата издания 2014
215 Физическое описание __
a Объем 462, [2] с.
225 Серия 2_
a Серия Бакалавр. Углубленный курс
610 Ключевые слова 0_
a Ключевые слова ценообразование
610 Ключевые слова 0_
a Ключевые слова ценовая политика
610 Ключевые слова 0_
a Ключевые слова ценовая стратегия
610 Ключевые слова 0_
a Ключевые слова оценка бизнеса
686 Индексы других классификаций __
a Классификационный индекс 65.9(2)256я73
2 Код системы rubbk
686 Индексы других классификаций __
a Классификационный индекс 65.9(2)843-18я73
2 Код системы rubbk
702 Вторичная интеллектуальная ответственность _1
a Фамилия Маховикова
b Имя Г.А.
4 Код отношения 340
711 Наименование организации. (Альтернативная ответственность) 02
a Организация/ юрисдикция С. - Петерб. гос. экон. ун- т
801 Источник записи _0
a Страна RU
b Организация РУК
c Дата составления 20140312
g Правила каталогизации PSBO
801 Источник записи _1
a Страна RU
b Организация РУК
c Дата составления 20140312
g Правила каталогизации PSBO
852 Данные о местонахождении __
i Авторский знак Ц 37
j Шифр хранения ББК 65.9(2)25
901 Тип документа __
t Тип документа m
938 Служебная информация __
a Название организации Головной вуз
b Имя БД BOOK
c Название АИБС АИБС ИРБИС
952 Тип литературы __
b Гриф литературы для ВШ гриф УМО